AH International Schools' Libraries

The elephant family's short journey (KHMER) / (Record no. 50289)

MARC details
000 -LEADER
fixed length control field 00301nam a2200097 4500
020 ## - INTERNATIONAL STANDARD BOOK NUMBER
International Standard Book Number 9789924635000
245 ## - TITLE STATEMENT
Title The elephant family's short journey (KHMER) /
Statement of responsibility, etc Sunshine Orange Studio
260 ## - PUBLICATION, DISTRIBUTION, ETC. (IMPRINT)
Place of publication, distribution, etc China
Name of publisher, distributor, etc Yunnan Education Publishing House
Date of publication, distribution, etc 2022
300 ## - PHYSICAL DESCRIPTION
Extent 43 p.
Other physical details col. ill.
Dimensions 22 cm.
942 ## - ADDED ENTRY ELEMENTS (KOHA)
Source of classification or shelving scheme
Koha item type Book
Holdings
Withdrawn status Lost status Source of classification or shelving scheme Damaged status Not for loan Collection code Home library Current library Shelving location Date acquired Total Checkouts Full call number Barcode Date last seen Price effective from Koha item type
          Siem Riep Asian Hope Early Years Library Asian Hope Early Years Library Easy Reading 03/24/2026   KHMER E SUN 209879 03/24/2026 03/24/2026 Book

For any Logos Library related questions please contact Miss Art at swongnarasuk@asianhope.org.

For any Asian Hope Library related questions please contact Miss Raza at graza@asianhope.org.

Powered by Koha